Prístup k analýze Phillipsovej krivky pomocou panelových dát

Modelovanie závislosti miery inflácie a miery nezamestnanosti prostredníctvom Phillipsovej krivky. Teoretické poznatky sú zohľadnené v aplikačnej časti, v ktorej boli použité ročné panelové dáta vybraných krajín Európskej únie za obdobie rokov 1993-2004

Salvato in:
Dettagli Bibliografici
Autore principale: Surmanová, Kvetoslava
Natura: Capitolo di libro
Lingua:slovacco
Soggetti:
Tags: Aggiungi Tag
Nessun Tag, puoi essere il primo ad aggiungerne!!

MARC

LEADER 00000naa$a2200000$$$4500
001 0060725
005 20240502071656.2
041 0 |a slo 
044 |a SK 
245 1 0 |a Prístup k analýze Phillipsovej krivky pomocou panelových dát  |c Kvetoslava Surmanová 
520 |a Modelovanie závislosti miery inflácie a miery nezamestnanosti prostredníctvom Phillipsovej krivky. Teoretické poznatky sú zohľadnené v aplikačnej časti, v ktorej boli použité ročné panelové dáta vybraných krajín Európskej únie za obdobie rokov 1993-2004 
610 2 0 |a dáta 
610 2 0 |a miera nezamestnanosti 
610 2 0 |a miera inflácie 
610 2 0 |a analýza ekonometrická 
610 2 0 |a Phillipsova krivka 
100 1 |a Surmanová, Kvetoslava